| 000 | 00874nam a2200277 a 4500 | ||
|---|---|---|---|
| 008 | |||
| 020 | _a0750619481 (pbk.) | ||
| 049 |
_aMAIN _d(16246) |
||
| 090 |
_aHF5635 _bATR |
||
| 100 | 1 | _aAtrill, Peter. | |
| 245 | 1 | 0 |
_aAccounting for business / _cPeter Atrill, David Harvey, and Edward McLaney. |
| 250 | _a2nd ed. | ||
| 260 |
_aOxford : _bButterworth Heinemann, _c1994. |
||
| 300 |
_ax, 434 p. : _bill. ; _c25 cm. |
||
| 440 | 0 | _aB H contemporary business series. | |
| 500 | _aIncludes index. | ||
| 650 | 0 | _aAccounting. | |
| 650 | 0 | _aFinancial statements. | |
| 700 | 1 | _aHarvey, David. | |
| 700 | 1 | _aMcLaney, Edward. J. | |
| 907 |
_a.b10053633 _b07-05-13 _c17-04-03 |
||
| 003 | |||
| 005 | 20230123133758.0 | ||
| 040 | _cNUST | ||
| 942 |
_cBOOKS _kHF5635 _mATR |
||
| 999 |
_c154469 _d154469 |
||